A belső kommunikáció eszközei és azok hatékonysága, motivációs szerepe a Vodafone Magyarországnál

Bibliográfiai részletek
Szerző: Kovács Krisztina
További közreműködők: Harsányi Dr. Dávid
Dokumentumtípus: Diplomadolgozat
Kulcsszavak:Belső kommunikáció
Motiváció
Kommunikációs eszközök
Vodafone Magyarország Zrt.
Online Access:http://dolgozattar.uni-bge.hu/3828

MARC

LEADER 00000nta a2200000 i 4500
001 dolg3828
005 20251201060005.0
008 151209suuuu hu om 000 hun d
040 |a BGE Dolgozattár Repozitórium  |b hun 
041 |a hu 
100 1 |a Kovács Krisztina 
245 1 2 |a A belső kommunikáció eszközei és azok hatékonysága, motivációs szerepe a Vodafone Magyarországnál  |c Kovács Krisztina  |h [elektronikus dokumentum] 
246 1 1 |a A belső kommunikáció eszközei és azok hatékonysága, motivációs szerepe a Vodafone Magyarországnál 
695 |a Belső kommunikáció 
695 |a Motiváció 
695 |a Kommunikációs eszközök 
695 |a Vodafone Magyarország Zrt. 
700 1 |a Harsányi Dr. Dávid  |e ths 
856 4 0 |u http://dolgozattar.uni-bge.hu/3828/1/Szakdolgozatom_Kov%C3%A1cs%20Krisztina_IF97M1_v%C3%A9gleges_PDF.pdf  |z Dokumentum-elérés